000 00898nam a2200253 i 4500
001 135108
003 ES-MaACL
005 20230906194816.0
007 t|
008 070709s1977 sp ||||1| spa d
080 _a82.09"04/14"
080 _a871.09
100 1 _aThoorens, Léon.
_9110130
245 1 0 _aRoma y la Edad Media latina
_b: Alejandría, Roma, Helenismo y latinidad, el Renacimiento /
_cLeón Thoorens ; [traducción de J.A. Fontanilla].
260 _aBarcelona :
_bDaimon,
_c[1977]
300 _a320 p. :
_bil. ;
_c18 cm.
490 1 _aHistoria Universal de la Literatura
650 4 _aLiteratura medieval-
_xHistoria y crítica.
_914639
650 1 4 _aLiteratura latina-
_xHistoria y crítica.
_914633
700 1 _aFontanilla, José Antonio.
_951619
830 0 _aHistoria Universal de la Literatura
_9186996
852 _aES-MaACL
_jA-8237
_bR.97218
999 _c135108
_d135108